Motricidad y psiquismo en la educación y el deporte: trabajos seleccionados
Wedi'i Gadw mewn:
| Prif Awdur: | |
|---|---|
| Fformat: | Llyfr |
| Iaith: | Sbaeneg |
| Cyhoeddwyd: |
Valladolid
Miñón
1974
|
| Cyfres: | Colección KINE de educación y ciencia deportiva
|
| Pynciau: | |
| Tagiau: |
Ychwanegu Tag
Dim Tagiau, Byddwch y cyntaf i dagio'r cofnod hwn!
|
MARC
| LEADER | 00000nam a2200000 a 4500 | ||
|---|---|---|---|
| 001 | UCY6511 | ||
| 003 | CL-VaPUC | ||
| 008 | 950526e19740000SP |||||||||||||||||spa|d | ||
| 082 | 0 | 4 | |a 155.412 |b CRA |2 21 |
| 100 | 0 | |a Cratty, Bryant J |e author |9 336474 | |
| 245 | 1 | 0 | |a Motricidad y psiquismo en la educación y el deporte: trabajos seleccionados |
| 300 | |a 175 p | ||
| 942 | |c BK | ||
| 945 | |d 19950526 00:00:00 |a cmena | ||
| 260 | |a Valladolid |b Miñón |c 1974 | ||
| 650 | 0 | |a Psicología |9 257863 | |
| 650 | 0 | |a Psicología aplicada |9 270762 | |
| 650 | 7 | |a DEPORTE |2 CL-VaPUC |9 336475 | |
| 650 | 7 | |a DEPORTISTAS |2 CL-VaPUC |9 336476 | |
| 650 | 0 | |a Educación |9 258661 | |
| 650 | 0 | |a Desarrollo motor |9 313002 | |
| 650 | 0 | |a Cognición |9 270347 | |
| 650 | 0 | |a Aprendizaje |9 254827 | |
| 650 | 0 | |a Procesos mentales superiores |9 330839 | |
| 650 | 0 | |a Niños |9 255605 | |
| 650 | 0 | |a Desarrollo individual |9 307875 | |
| 650 | 7 | |a NIÑOS SOCIALMENTE DESFAVORECIDOS |2 CL-VaPUC |9 323883 | |
| 583 | |a last modification |c 19950526 00:00:00 |k Rodrigo Vera | ||
| 490 | 0 | |a Colección KINE de educación y ciencia deportiva | |
| 999 | |c 234073 |d 234071 | ||
| 952 | |0 0 |1 0 |4 0 |6 155_412000000000000_CRA_1974 |7 0 |8 P |9 240040 |a BIBEDU |b BIBEDU |c BIBEDU_PB |d 2019-11-18 |i 1510657 |o 155.412 CRA 1974 |p 1510657 |r 2024-01-25 |w 2019-11-18 |y BK |k EDU | ||
| 952 | |0 0 |1 0 |4 0 |6 155_412000000000000_CRA_1974 |7 0 |8 P |9 240041 |a BIBEDU |b BIBEDU |c BIBEDU_PB |d 2019-11-18 |i 1510681 |o 155.412 CRA 1974 |p 1510681 |r 2024-01-25 |w 2019-11-18 |y BK |k EDU | ||